Alcatel telecommunications review 75 diamond jubilee

Wedi'i Gadw mewn:
Manylion Llyfryddiaeth
Fformat: Llyfr
Iaith:English
Cyhoeddwyd: Atelier Hugueniot 1998
Tagiau: Ychwanegu Tag
Dim Tagiau, Byddwch y cyntaf i dagio'r cofnod hwn!

MARC

LEADER 00000nam a2200000Ia 4500
003 MV0033
005 20221231143950.0
008 140114s1998 fr a 000 ||eng d
040 |c cru CEDI 
090 |a MV 33 
245 |a Alcatel telecommunications review 75 diamond jubilee 
260 |a Atelier Hugueniot  |c 1998 
300 |a 48 páginas :ilustraciones a color 
942 |c MX 
999 |c 14901  |d 14901